| 000 | 00568nam a2200241 a 4500 | ||
|---|---|---|---|
| 001 | nice12345678 | ||
| 003 | IN_TiNIC | ||
| 005 | 20260116012525.0 | ||
| 008 | 050524s0000 goda grp 000 0 eng | ||
| 020 |
_a _c100 |
||
| 082 | 0 | 0 |
_a294.5921 _bMEH |
| 100 | _aMeher, Baba | ||
| 245 | _aReoriented Vedanta Centre | ||
| 260 |
_aGodavari _bMeher Chaitanya Niketan Trust _c0000 |
||
| 300 | _a20p | ||
| 500 | _aincludes index and biblioraphy | ||
| 505 | 2 | _aindex | |
| 650 | _aVedas | ||
| 700 | 1 | _aMeher, Baba | |
| 902 | _bSRS | ||
| 942 | _cBK | ||
| 999 |
_c7346 _d7346 |
||